[Event "UZB-ch 1st League"]
[Site "Tashkent"]
[Date "2009.04.14"]
[Round "4"]
[White "Vakhidov, Jahongir"]
[Black "Saidov, Beqali"]
[Result "1-0"]
[WhiteElo "2207"]
[BlackElo "2345"]
[PlyCount "79"]
[EventDate "2009.04.11"]
[EventType "tourn"]
[EventRounds "13"]
[EventCountry "UZB"]
[SourceTitle "CBM 130 Extra"]
[Source "ChessBase"]
[SourceDate "2009.07.02"]
[SourceVersion "2"]
[SourceVersionDate "2009.07.15"]
[SourceQuality "1"]

1. c4 d6 2. d4 e5 3. Nf3 e4 4. Nfd2 f5 5. e3 Nf6 6. Nc3 c6 7. Be2 d5 8. Qb3 a6 9. a4 Ra7 10. a5 Be6 11. Qb6 Qxb6 12. axb6 Ra8 13. c5 Be7 14. b4 Kf7 15. 0-0 Nbd7 16. Nb3 Nf8 17. Na5 Bc8 18. Bd2 Ne6 19. Bd1 g5 20. Bb3 Kg6 21. b5 cxb5 22. Nxd5 Nxd5 23. Bxd5 Nd8 24. f3 exf3 25. Rxf3 Rb8 26. Raf1 Bf6 27. Bc3 g4 28. R3f2 Bg5 29. Bd2 Re8 30. e4 Bxd2 31. exf5+ Bxf5 32. Rxd2 Re3 33. Rdf2 Bd7 34. Rf8 Be8 35. Rg8+ Kh6 36. Rf6+ Kh5 37. Rff8 Nc6 38. Nxc6 Bxc6 39. Bxc6 Rxf8 40. Rxf8 1-0